Treasure Of r.c.c Designs (Record no. 868)

MARC details
000 -LEADER
fixed length control field 00258nam a22001217a 4500
041 ## - LANGUAGE CODE
Language code of text/sound track or separate title ENG
100 ## - MAIN ENTRY--PERSONAL NAME
Personal name Kumar .S
245 ## - TITLE STATEMENT
Title Treasure Of r.c.c Designs
260 ## - PUBLICATION, DISTRIBUTION, ETC. (IMPRINT)
Place of publication, distribution, etc Delhi
Name of publisher, distributor, etc Standard Book House
Date of publication, distribution, etc 2009
300 ## - PHYSICAL DESCRIPTION
Extent 1284
650 ## - SUBJECT ADDED ENTRY--TOPICAL TERM
Topical term or geographic name as entry element FS
856 ## - ELECTRONIC LOCATION AND ACCESS
Uniform Resource Identifier FS ( 8 )
Holdings
Withdrawn status Lost status Source of classification or shelving scheme Damaged status Not for loan Home library Current library Shelving location Date acquired Cost, normal purchase price Total Checkouts Barcode Date last seen Price effective from Koha item type Date checked out
    Dewey Decimal Classification     College of Agricultural Engineering and Technology, Dapoli , Library College of Agricultural Engineering and Technology, Dapoli , Library Book Cart 07/09/2021 280.00   005877 07/09/2021 07/09/2021 Books  
    Dewey Decimal Classification     College of Agricultural Engineering and Technology, Dapoli , Library College of Agricultural Engineering and Technology, Dapoli , Library Book Cart 07/09/2021 280.00 1 005876 20/03/2023 07/09/2021 Books 17/03/2023

Contact Us: College of Agricultural Engineering and Technology, Dapoli, Dist.- Ratnagiri
Website: https://dbskkv.org Email: caetlibrary2015@gmail.com